LEADER 02216nam0 2200529 i 450 001 VAN00126935 005 20250127031957.702 017 70$2N$a9783030269036 100 $a20200218d2019 |0itac50 ba 101 $aeng 102 $aCH 105 $a|||| ||||| 200 1 $aIntroduction to Real Analysis$fChristopher Heil 210 $aCham$cSpringer$d2019 215 $axvii, 400 p.$cill.$d24 cm 410 1$1001VAN00023579$12001 $aGraduate texts in mathematics$1210 $aNew York [etc.]$cSpringer$d1950-$v280 500 1$3VAN00236842$aIntroduction to Real Analysis$91732519 606 $a26-XX$xReal functions [MSC 2020]$3VANC019778$2MF 606 $a28-XX$xMeasure and integration [MSC 2020]$3VANC019878$2MF 606 $a42-XX$xHarmonic analysis on Euclidean spaces [MSC 2020]$3VANC019851$2MF 606 $a46-XX$xFunctional analysis [MSC 2020]$3VANC019764$2MF 606 $a47-XX$xOperator theory [MSC 2020]$3VANC019759$2MF 606 $a54-XX$xGeneral topology [MSC 2020]$3VANC020587$2MF 610 $aBanach spaces$9KW:K 610 $aBounded variation$9KW:K 610 $aFourier series$9KW:K 610 $aFourier transform$9KW:K 610 $aFunctional Analysis$9KW:K 610 $aHilbert spaces$9KW:K 610 $aLebesgue Integration$9KW:K 610 $aLebesgue measure$9KW:K 610 $aOperator theory$9KW:K 610 $aOrthonormal bases$9KW:K 610 $aRandom measures$9KW:K 610 $aReal analysis$9KW:K 610 $aTopological vector spaces$9KW:K 620 $aCH$dCham$3VANL001889 700 1$aHeil$bChristopher$3VANV096281$0738473 712 $aSpringer $3VANV108073$4650 801 $aIT$bSOL$c20250613$gRICA 856 4 $uhttp://doi.org/10.1007/978-3-030-26903-6$zE-book ? Accesso al full-text attraverso riconoscimento IP di Ateneo, proxy e/o Shibboleth 899 $aBIBLIOTECA DEL DIPARTIMENTO DI MATEMATICA E FISICA$1IT-CE0120$2VAN08 912 $fN 912 $aVAN00126935 950 $aBIBLIOTECA DEL DIPARTIMENTO DI MATEMATICA E FISICA$d08DLOAD e-book 1622 $e08eMF1622 20200218 996 $aIntroduction to Real Analysis$91732519 997 $aUNICAMPANIA LEADER 00700nas 2200265zu 450 001 9911050229103321 005 20260110150120.0 011 $a2183-2188 035 $a(CKB)44911519900041 035 $a(EXLCZ)9944911519900041 100 $a20260110cuuuuuuuu || | 101 0 $aeng 135 $aur||||||||||| 200 00$aDiffractions 210 $aPortugal: $cUniversidade Católica Portuguesa 610 0$acultural studies 610 0$acritical theory 610 0$acomparative literature 610 0$atranslation studies 610 0$apostcolonial studies 610 0$avisual culture 906 $aJOURNAL 912 $a9911050229103321 996 $aDiffractions$94523657 997 $aUNINA